Những ngôi sao Eghe T.2 /

Những ngôi sao Eghe là một tác phẩm tươi sáng và giàu sức sống nhất. Ở Hung không có một tiểu thuyết lịch sử nào khác lại được cả bạn đọc, người lớn lẫn trẻ em yêu thích đến thế...

Gespeichert in:
Bibliographische Detailangaben
1. Verfasser: Garđônhi Ghêzo.
Weitere Verfasser: Lê Xuân Giang (dịch.)
Format: Buch
Sprache:Vietnamese
Hungarian
Veröffentlicht: Hà Nội : Hội nhà văn, 2000.
Schlagworte:
Tags: Tag hinzufügen
Keine Tags, Fügen Sie den ersten Tag hinzu!
Thư viện lưu trữ: Mạng thư viện Đại học Đà Nẵng
LEADER 01163cam a2200349 i 4500
001 000046852
003 6360
005 20030911095504.0
008 010306b2000 vm 000 vie
020 |c 35000 
040 |a IRC  |c IRC  |d IRC 
041 1 |a vie  |h hun 
082 1 4 |a 894.5  |b GA-G 
100 1 |a Garđônhi Ghêzo. 
245 0 6 |a Những ngôi sao Eghe  |n T.2 /  |c Garđônhi Ghêzo ; Lê Xuân Giang dịch và giới thiệu. 
260 |a Hà Nội :  |b Hội nhà văn,  |c 2000. 
300 |a 406tr. ;  |c 19cm. 
520 3 |a Những ngôi sao Eghe là một tác phẩm tươi sáng và giàu sức sống nhất. Ở Hung không có một tiểu thuyết lịch sử nào khác lại được cả bạn đọc, người lớn lẫn trẻ em yêu thích đến thế... 
630 0 4 |a Tiểu thuyết. 
630 0 4 |a Văn học Hungari. 
650 0 4 |a Tiểu thuyết Hungari. 
700 1 |a Lê Xuân Giang,  |e dịch. 
OWN |a DUT 
999 |a From the UDN01 
TYP |a Monograph 
TYP |a Printed language 
980 |a Mạng thư viện Đại học Đà Nẵng